000 00670nam a2200229 i 4500
001 C2-0309864
003 PPAK
005 20180728101033.0
008 110605s2009 my a|||| ||||| | may d
040 _aPPAK
_beng
_cPPAK
_erda
082 0 4 _a320.9595
_223
090 0 0 _a320.9595
_bMEG
_dKMI
100 0 _aMegat Junid Megat Ayob,
_eauthor
245 1 0 _aGayat
264 1 _aSeri Kembangan, Selangor :
_bPercetakan Stewart Cang ,
_c[2009]
300 _a109 pages :
_bcolour illustrations ;
_c20 cm
336 _2rdacontent
_atext
337 _2rdamedia
_aunmediated
338 _2rdacarrier
_avolume
650 1 0 _aMalaysia - Politics and government
942 _ddc
_cB
999 _c112385
_d112385